Discovering what matters <a> journey of thinking and feeling : activities designed with students, for students
Na minha lista:
| Autor principal: | |
|---|---|
| Corporate Authors: | , |
| Outros Autores: | , , , , , |
| Formato: | Livro |
| Idioma: | inglês |
| Publicado em: |
Hamar
Partnership for Education and Research about Responsible Living (PERL)
2014
|
| Colecção: | Values-Based Learnig Toolkits
|
| Assuntos: | |
| Tags: |
Sem tags, seja o primeiro a adicionar uma tag!
|
MARC
| LEADER | 00000nam a2200000 4500 | ||
|---|---|---|---|
| 001 | 0199614 | ||
| 005 | 20240502083507.2 | ||
| 041 | 0 | |a eng | |
| 044 | |a NO | ||
| 245 | 1 | 0 | |a Discovering what matters |b <a> journey of thinking and feeling : activities designed with students, for students |c Arthur Dahl ... [et al.] |
| 264 | 1 | |a Hamar |b Partnership for Education and Research about Responsible Living (PERL) |c 2014 | |
| 300 | |a [23] s. | ||
| 490 | 1 | |a Values-Based Learnig Toolkits | |
| 830 | 0 | |a Values-Based Learnig Toolkits | |
| 610 | 2 | 0 | |a vzdelávanie |
| 610 | 2 | 0 | |a vzdelanie |
| 610 | 2 | 0 | |a školstvo |
| 610 | 2 | 0 | |a politika vzdelávania |
| 100 | 1 | |a Dahl, Arthur | |
| 700 | 1 | |a Harder, Marie | |
| 700 | 1 | |a Mehlmann, Marilyn | |
| 700 | 1 | |a Niinimaki, Kirsi | |
| 700 | 1 | |a Thoresen, Victoria W. | |
| 700 | 1 | |a Vinkhuyzen, Onno | |
| 700 | 1 | |a Vokounová, Dana, 1962- | |
| 710 | 2 | |a University of Brighton. Sustainable Development Coordination Unit | |
| 710 | 2 | |a Charles University. Charles University Environment Center | |